000 00476nam a22001577a 4500
003 OSt
005 20160804114948.0
008 160804b xxu||||| |||| 00| 0 eng d
020 _a0897932331
040 _cN/A
100 _aJohnson Kendall
245 _aTrauma in the live of children
_bCrisis and stress management techniques for teachers,counselors and student service professionals
250 _a2nd U S ed
260 _aU.S
_bHunter House Inc
_c1998
942 _2lcc
_cBK
999 _c254940
_d254939